[Event "Villarobledo Online Qualifyer"]
[Site "playchess.com #155672"]
[Date "2009.05.23"]
[Round "10"]
[White "Secondwind"]
[Black "Torresh"]
[Result "0-1"]
[WhiteElo "2279"]
[BlackElo "2112"]
[PlyCount "94"]
[EventDate "2009.05.23"]
[EventType "swiss (blitz)"]

1. c4 {[%emt 0:00:02]} e5 {[%emt 0:00:01]} 2. Nc3 {[%emt 0:00:01]} Nc6 {[%emt
0:00:01]} 3. g3 {[%emt 0:00:01]} g6 {[%emt 0:00:02]} 4. Bg2 {[%emt 0:00:01]}
Bg7 {[%emt 0:00:01]} 5. Nf3 {[%emt 0:00:00]} d6 {[%emt 0:00:01]} 6. O-O {[%emt
0:00:00]} Nge7 {[%emt 0:00:03]} 7. d3 {[%emt 0:00:02]} O-O {[%emt 0:00:02]} 8.
Rb1 {[%emt 0:00:01]} a5 {[%emt 0:00:02]} 9. a3 {[%emt 0:00:01]} h6 {[%emt 0:00:
03]} 10. b4 {[%emt 0:00:01]} axb4 {[%emt 0:00:00]} 11. axb4 {[%emt 0:00:00]}
Be6 {[%emt 0:00:18]} 12. Ne1 {[%emt 0:00:06]} Qd7 {[%emt 0:00:04]} 13. Nd5 {
[%emt 0:00:02]} f5 {[%emt 0:00:06]} 14. b5 {[%emt 0:00:11]} Nd8 {[%emt 0:00:02]
} 15. b6 {[%emt 0:00:02]} c6 {[%emt 0:00:05]} 16. Nc7 {[%emt 0:00:01]} Rb8 {
[%emt 0:00:01]} 17. Nc2 {[%emt 0:00:09]} Kh7 {[%emt 0:00:02]} 18. f4 {[%emt 0:
00:10]} Bg8 {[%emt 0:00:02]} 19. fxe5 {[%emt 0:00:04]} dxe5 {[%emt 0:00:01]}
20. Ba3 {[%emt 0:00:08]} Ne6 {[%emt 0:00:06]} 21. Nxe6 {[%emt 0:00:07]} Bxe6 {
[%emt 0:00:07]} 22. Bc5 {[%emt 0:00:07]} Ra8 {[%emt 0:00:03]} 23. Bb4 {[%emt 0:
00:31]} Rfd8 {[%emt 0:00:03]} 24. Bc3 {[%emt 0:00:03]} Ra2 {[%emt 0:00:05]} 25.
Ra1 {[%emt 0:00:07]} Rda8 {[%emt 0:00:04]} 26. Rxa2 {[%emt 0:00:06]} Rxa2 {
[%emt 0:00:00]} 27. Qb1 {[%emt 0:00:00]} Ra6 {[%emt 0:00:05]} 28. Qb2 {[%emt 0:
00:03]} Qd6 {[%emt 0:00:21]} 29. Kh1 {[%emt 0:00:08]} Nc8 {[%emt 0:00:06]} 30.
Ra1 {[%emt 0:00:14]} Rxb6 {[%emt 0:00:04]} 31. Qc1 {[%emt 0:00:01]} Ra6 {[%emt
0:00:08]} 32. Rb1 {[%emt 0:00:02]} Qc7 {[%emt 0:00:07]} 33. Qb2 {[%emt 0:00:02]
} Rb6 {[%emt 0:00:04]} 34. Qa1 {[%emt 0:00:01]} Rxb1+ {[%emt 0:00:02]} 35. Qxb1
{[%emt 0:00:00]} Nd6 {[%emt 0:00:06]} 36. Qb2 {[%emt 0:00:03]} Nf7 {[%emt 0:00:
01]} 37. Ne1 {[%emt 0:00:06]} Bd7 {[%emt 0:00:21]} 38. Nf3 {[%emt 0:00:01]} b5
{[%emt 0:00:06]} 39. c5 {[%emt 0:00:05]} Be6 {[%emt 0:00:04]} 40. e4 {[%emt 0:
00:03]} fxe4 {[%emt 0:00:04]} 41. dxe4 {[%emt 0:00:00]} Bc4 {[%emt 0:00:03]}
42. Nd2 {[%emt 0:00:01]} Bd3 {[%emt 0:00:05]} 43. Bh3 {[%emt 0:00:06]} Qe7 {
[%emt 0:00:02]} 44. Kg1 {[%emt 0:00:04]} Qxc5+ {[%emt 0:00:02]} 45. Kg2 {[%emt
0:00:03]} Ng5 {[%emt 0:00:06]} 46. Bd7 {[%emt 0:00:04]} Nxe4 {[%emt 0:00:05]}
47. Nf3 {[%emt 0:00:03]} Nxc3 {[%emt 0:00:04] Secondwind gibt auf} 0-1

[Event "Villarobledo Online Qualifyer"]
[Site "playchess.com #155672"]
[Date "2009.05.23"]
[Round "10"]
[White "fritaldbx"]
[Black "Krondor"]
[Result "0-1"]
[WhiteElo "1366"]
[BlackElo "1479"]
[PlyCount "48"]
[EventDate "2009.05.23"]
[EventType "swiss (blitz)"]

1. c4 {[%emt 0:00:03]} e5 {[%emt 0:00:02]} 2. g3 {[%emt 0:00:02]} Nc6 {[%emt 0:
00:04]} 3. Bg2 {[%emt 0:00:01]} f5 {[%emt 0:00:07]} 4. d3 {[%emt 0:00:05]} Nf6
{[%emt 0:00:06]} 5. Nc3 {[%emt 0:00:03]} d6 {[%emt 0:00:19]} 6. e4 {[%emt 0:00:
16]} Be7 {[%emt 0:00:27]} 7. f4 {[%emt 0:00:16]} exf4 {[%emt 0:00:08]} 8. Bxf4
{[%emt 0:00:04]} O-O {[%emt 0:00:05]} 9. Nh3 {[%emt 0:00:17]} fxe4 {[%emt 0:00:
10]} 10. Nxe4 {[%emt 0:00:17]} Nxe4 {[%emt 0:00:05]} 11. dxe4 {[%emt 0:00:06]}
Be6 {[%emt 0:00:09]} 12. O-O {[%emt 0:00:09]} Bxc4 {[%emt 0:00:07]} 13. Rf2 {
[%emt 0:00:12]} Qd7 {[%emt 0:00:12]} 14. Qc2 {[%emt 0:00:33]} Be6 {[%emt 0:00:
06]} 15. Raf1 {[%emt 0:00:06]} Bxh3 {[%emt 0:00:05]} 16. Bxh3 {[%emt 0:00:05]}
Qxh3 {[%emt 0:00:04]} 17. Qc4+ {[%emt 0:00:09]} Kh8 {[%emt 0:00:12]} 18. b4 {
[%emt 0:00:15]} Bf6 {[%emt 0:00:28]} 19. b5 {[%emt 0:00:04]} Ne5 {[%emt 0:00:
11]} 20. Qxc7 {[%emt 0:00:11]} Ng4 {[%emt 0:00:05]} 21. Qxd6 {[%emt 0:00:22]}
Nxf2 {[%emt 0:00:10] '} 22. Rxf2 {[%emt 0:00:02]} Rad8 {[%emt 0:00:10]} 23. Qe6
{[%emt 0:00:02]} Rd1+ {[%emt 0:00:03]} 24. Rf1 {[%emt 0:00:06]} Rxf1# {[%emt 0:
00:02]} 0-1

[Event "Villarobledo Online Qualifyer"]
[Site "playchess.com #155672"]
[Date "2009.05.23"]
[Round "10"]
[White "Hakem_II"]
[Black "Musterlukas"]
[Result "1-0"]
[WhiteElo "1910"]
[BlackElo "1733"]
[PlyCount "81"]
[EventDate "2009.05.23"]
[EventType "swiss (blitz)"]

1. d4 {[%emt 0:00:02]} d5 {[%emt 0:00:02]} 2. c4 {[%emt 0:00:02]} e6 {[%emt 0:
00:03]} 3. Nc3 {[%emt 0:00:02]} Nf6 {[%emt 0:00:03]} 4. Nf3 {[%emt 0:00:04]}
Be7 {[%emt 0:00:02]} 5. e3 {[%emt 0:00:02]} O-O {[%emt 0:00:05]} 6. Bd3 {[%emt
0:00:01]} c5 {[%emt 0:00:03]} 7. cxd5 {[%emt 0:00:01]} exd5 {[%emt 0:00:02]} 8.
O-O {[%emt 0:00:01]} cxd4 {[%emt 0:00:01]} 9. Nxd4 {[%emt 0:00:01]} Nc6 {[%emt
0:00:02]} 10. a3 {[%emt 0:00:10]} Nxd4 {[%emt 0:00:03]} 11. exd4 {[%emt 0:00:
01]} Be6 {[%emt 0:00:01]} 12. Bg5 {[%emt 0:00:03]} h6 {[%emt 0:00:01]} 13. Bh4
{[%emt 0:00:01]} Rc8 {[%emt 0:00:23]} 14. Re1 {[%emt 0:00:03]} a6 {[%emt 0:00:
04]} 15. Rc1 {[%emt 0:00:05]} Qd7 {[%emt 0:00:03]} 16. Bb1 {[%emt 0:00:03]} g5
{[%emt 0:00:41]} 17. Bg3 {[%emt 0:00:03]} Bd6 {[%emt 0:00:01]} 18. Be5 {[%emt
0:00:03]} Bxe5 {[%emt 0:00:05]} 19. dxe5 {[%emt 0:00:01]} Ne4 {[%emt 0:00:20]}
20. Nxe4 {[%emt 0:00:08]} dxe4 {[%emt 0:00:01]} 21. Bxe4 {[%emt 0:00:07]} Qxd1
{[%emt 0:00:10]} 22. Rexd1 {[%emt 0:00:01]} b6 {[%emt 0:00:12]} 23. Bb7 {[%emt
0:00:04]} Rxc1 {[%emt 0:00:03]} 24. Rxc1 {[%emt 0:00:01]} a5 {[%emt 0:00:01]}
25. g3 {[%emt 0:00:03]} Rd8 {[%emt 0:00:08]} 26. Rc2 {[%emt 0:00:17]} Bh3 {
[%emt 0:00:08]} 27. f3 {[%emt 0:00:10]} Rd1+ {[%emt 0:00:13]} 28. Kf2 {[%emt 0:
00:01]} Rh1 {[%emt 0:00:06]} 29. Ke3 {[%emt 0:00:02]} Re1+ {[%emt 0:00:06]} 30.
Re2 {[%emt 0:00:03]} Rd1 {[%emt 0:00:10]} 31. g4 {[%emt 0:00:10]} Bf1 {[%emt 0:
00:05]} 32. Rd2 {[%emt 0:00:05]} Rc1 {[%emt 0:00:18]} 33. Rd6 {[%emt 0:00:18]}
Bc4 {[%emt 0:00:02]} 34. Rxb6 {[%emt 0:00:08]} Be6 {[%emt 0:00:08]} 35. Rb5 {
[%emt 0:00:18] .} Rc2 {[%emt 0:00:03]} 36. h3 {[%emt 0:00:02]} Rh2 {[%emt 0:00:
05]} 37. b4 {[%emt 0:00:03]} Rxh3 {[%emt 0:00:01]} 38. Rxa5 {[%emt 0:00:01]}
Bxg4 {[%emt 0:00:02]} 39. b5 {[%emt 0:00:02]} Rxf3+ {[%emt 0:00:02]} 40. Bxf3 {
[%emt 0:00:03]} Bxf3 {[%emt 0:00:02]} 41. Kxf3 {[%emt 0:00:01] Musterlukas
resigns} 1-0

[Event "Villarobledo Online Qualifyer"]
[Site "playchess.com #155672"]
[Date "2009.05.23"]
[Round "10"]
[White "Burim999"]
[Black "MiguelM"]
[Result "0-1"]
[WhiteElo "1587"]
[BlackElo "1707"]
[PlyCount "88"]
[EventDate "2009.05.23"]
[EventType "swiss (blitz)"]

1. d4 {[%emt 0:00:03]} b5 {[%emt 0:00:01]} 2. Nf3 {[%emt 0:00:02]} a6 {[%emt 0:
00:01]} 3. e3 {[%emt 0:00:01]} Bb7 {[%emt 0:00:01]} 4. c4 {[%emt 0:00:03]} b4 {
[%emt 0:00:01]} 5. b3 {[%emt 0:00:01]} Nf6 {[%emt 0:00:02]} 6. Bb2 {[%emt 0:00:
01]} e6 {[%emt 0:00:01]} 7. Be2 {[%emt 0:00:01]} Be7 {[%emt 0:00:01]} 8. O-O {
[%emt 0:00:01]} O-O {[%emt 0:00:02]} 9. Nbd2 {[%emt 0:00:01]} d6 {[%emt 0:00:
01]} 10. Qc2 {[%emt 0:00:02]} Nbd7 {[%emt 0:00:01]} 11. Rac1 {[%emt 0:00:02]}
c5 {[%emt 0:00:03]} 12. e4 {[%emt 0:00:05]} cxd4 {[%emt 0:00:03]} 13. Bxd4 {
[%emt 0:00:06]} e5 {[%emt 0:00:11]} 14. Bb2 {[%emt 0:00:02]} Nc5 {[%emt 0:00:
01]} 15. Bd3 {[%emt 0:00:12]} a5 {[%emt 0:00:08]} 16. Rfe1 {[%emt 0:00:09]} a4
{[%emt 0:00:07]} 17. bxa4 {[%emt 0:00:06]} Rxa4 {[%emt 0:00:07]} 18. Nh4 {
[%emt 0:00:06]} Rxa2 {[%emt 0:00:07]} 19. Nf5 {[%emt 0:00:06]} Nxd3 {[%emt 0:
00:02]} 20. Qxd3 {[%emt 0:00:05]} Rxb2 {[%emt 0:00:01]} 21. c5 {[%emt 0:00:11]}
Rxd2 {[%emt 0:00:20]} 22. Qxd2 {[%emt 0:00:02]} Nxe4 {[%emt 0:00:01]} 23. Qxb4
{[%emt 0:00:07]} Nxc5 {[%emt 0:00:15]} 24. Rxc5 {[%emt 0:00:13]} dxc5 {[%emt 0:
00:05]} 25. Qxb7 {[%emt 0:00:01]} Bf6 {[%emt 0:00:04]} 26. Rc1 {[%emt 0:00:06]}
Qd2 {[%emt 0:00:11]} 27. Rf1 {[%emt 0:00:15]} c4 {[%emt 0:00:03]} 28. h4 {
[%emt 0:00:01]} c3 {[%emt 0:00:01]} 29. Qc6 {[%emt 0:00:04]} c2 {[%emt 0:00:33]
} 30. h5 {[%emt 0:00:05]} Bg5 {[%emt 0:00:34]} 31. f4 {[%emt 0:00:29]} Bxf4 {
[%emt 0:00:02]} 32. Ne7+ {[%emt 0:00:16]} Kh8 {[%emt 0:00:03]} 33. Qc5 {[%emt
0:00:06]} Be3+ {[%emt 0:00:04]} 34. Kh2 {[%emt 0:00:07]} Bxc5 {[%emt 0:00:01]}
35. Ng6+ {[%emt 0:00:01]} hxg6 {[%emt 0:00:02]} 36. hxg6 {[%emt 0:00:01]} c1=Q
{[%emt 0:00:06]} 37. Rf3 {[%emt 0:00:02]} Qh6+ {[%emt 0:00:09]} 38. Rh3 {[%emt
0:00:01]} Qxh3+ {[%emt 0:00:01]} 39. Kxh3 {[%emt 0:00:01]} fxg6 {[%emt 0:00:06]
} 40. g4 {[%emt 0:00:02]} Rf3+ {[%emt 0:00:03]} 41. Kh4 {[%emt 0:00:02]} g5+ {
[%emt 0:00:04]} 42. Kh5 {[%emt 0:00:02]} Qh1+ {[%emt 0:00:05]} 43. Kg6 {[%emt
0:00:01]} Rf6+ {[%emt 0:00:02]} 44. Kxg5 {[%emt 0:00:03]} Qh6# {[%emt 0:00:02]}
0-1

[Event "Villarobledo Online Qualifyer"]
[Site "playchess.com #155672"]
[Date "2009.05.23"]
[Round "10"]
[White "Eddie"]
[Black "Juanma9413"]
[Result "0-1"]
[WhiteElo "1932"]
[BlackElo "1837"]
[PlyCount "64"]
[EventDate "2009.05.23"]
[EventType "swiss (blitz)"]

1. e4 {[%emt 0:00:01]} c5 {[%emt 0:00:01]} 2. Nf3 {[%emt 0:00:01]} g6 {[%emt 0:
00:01]} 3. c3 {[%emt 0:00:02]} Bg7 {[%emt 0:00:03]} 4. d4 {[%emt 0:00:01]} cxd4
{[%emt 0:00:00]} 5. cxd4 {[%emt 0:00:01]} d5 {[%emt 0:00:01]} 6. e5 {[%emt 0:
00:07]} Nc6 {[%emt 0:00:02]} 7. Be3 {[%emt 0:00:05]} Nh6 {[%emt 0:00:04]} 8.
Bd3 {[%emt 0:00:03]} O-O {[%emt 0:00:06]} 9. Qd2 {[%emt 0:00:03]} Nf5 {[%emt 0:
00:02]} 10. Bxf5 {[%emt 0:00:01]} Bxf5 {[%emt 0:00:02]} 11. Bh6 {[%emt 0:00:04]
} Qa5 {[%emt 0:00:21]} 12. Nc3 {[%emt 0:00:02]} Nb4 {[%emt 0:00:05]} 13. Bxg7 {
[%emt 0:00:19]} Nc2+ {[%emt 0:00:02]} 14. Kf1 {[%emt 0:00:10]} Kxg7 {[%emt 0:
00:10]} 15. Rc1 {[%emt 0:00:02]} Nb4 {[%emt 0:00:09]} 16. h4 {[%emt 0:00:15]}
h5 {[%emt 0:00:03]} 17. e6 {[%emt 0:00:21]} fxe6 {[%emt 0:00:07]} 18. Qg5 {
[%emt 0:00:07]} Rac8 {[%emt 0:00:22]} 19. g4 {[%emt 0:00:30]} Qa6+ {[%emt 0:00:
59]} 20. Kg2 {[%emt 0:00:18]} Bxg4 {[%emt 0:00:06]} 21. Ne5 {[%emt 0:00:05]}
Rf6 {[%emt 0:00:04]} 22. Nxd5 {[%emt 0:00:31]} Nxd5 {[%emt 0:00:42] '} 23. Nxg4
{[%emt 0:00:14]} hxg4 {[%emt 0:00:08]} 24. Rxc8 {[%emt 0:00:03]} Qe2 {[%emt 0:
00:02]} 25. Rf1 {[%emt 0:00:10] .} Nf4+ {[%emt 0:00:01]} 26. Kg1 {[%emt 0:00:
01]} Nh3+ {[%emt 0:00:02]} 27. Kh2 {[%emt 0:00:00]} Nxg5 {[%emt 0:00:02]} 28.
hxg5 {[%emt 0:00:01]} Rxf2+ {[%emt 0:00:00]} 29. Rxf2 {[%emt 0:00:01]} Qxf2+ {
[%emt 0:00:00]} 30. Kh1 {[%emt 0:00:00]} g3 {[%emt 0:00:01]} 31. Rc2 {[%emt 0:
00:01]} Qxc2 {[%emt 0:00:01]} 32. d5 {[%emt 0:00:02]} Qh2# {[%emt 0:00:01]} 0-1

[Event "Villarobledo Online Qualifyer"]
[Site "playchess.com #155672"]
[Date "2009.05.23"]
[Round "10"]
[White "Elo 84"]
[Black "Molina"]
[Result "1-0"]
[WhiteElo "1654"]
[BlackElo "1558"]
[PlyCount "79"]
[EventDate "2009.05.23"]
[EventType "swiss (blitz)"]

1. e4 {[%emt 0:00:07]} c5 {[%emt 0:00:05]} 2. Nf3 {[%emt 0:00:03]} g6 {[%emt 0:
00:05]} 3. d4 {[%emt 0:00:01]} cxd4 {[%emt 0:00:01]} 4. Nxd4 {[%emt 0:00:00]}
Nc6 {[%emt 0:00:01]} 5. Nb3 {[%emt 0:00:00]} Bg7 {[%emt 0:00:01]} 6. g3 {[%emt
0:00:00]} Nf6 {[%emt 0:00:01]} 7. Bg2 {[%emt 0:00:00]} O-O {[%emt 0:00:01]} 8.
Nc3 {[%emt 0:00:01]} a5 {[%emt 0:00:02]} 9. a4 {[%emt 0:00:01]} Nb4 {[%emt 0:
00:03]} 10. O-O {[%emt 0:00:02]} d5 {[%emt 0:00:03]} 11. exd5 {[%emt 0:00:02]}
Bf5 {[%emt 0:00:16]} 12. Nd4 {[%emt 0:00:06]} Nfxd5 {[%emt 0:00:17]} 13. Nxf5 {
[%emt 0:00:01]} Nxc3 {[%emt 0:00:03]} 14. Qxd8 {[%emt 0:00:13]} Ne2+ {[%emt 0:
00:06]} 15. Kh1 {[%emt 0:00:02]} Raxd8 {[%emt 0:00:04]} 16. Nxe7+ {[%emt 0:00:
06]} Kh8 {[%emt 0:00:02]} 17. c3 {[%emt 0:00:02]} Nd3 {[%emt 0:00:10]} 18. Be3
{[%emt 0:00:16]} Nxb2 {[%emt 0:00:03]} 19. Ra2 {[%emt 0:00:09]} Bxc3 {[%emt 0:
00:09]} 20. Bb6 {[%emt 0:00:02]} Rd7 {[%emt 0:00:06]} 21. Nd5 {[%emt 0:00:02]}
Bg7 {[%emt 0:00:14]} 22. Bxa5 {[%emt 0:00:02]} Nc4 {[%emt 0:00:10]} 23. Bb4 {
[%emt 0:00:04]} Nxg3+ {[%emt 0:00:09]} 24. fxg3 {[%emt 0:00:03]} Rfd8 {[%emt 0:
00:01]} 25. a5 {[%emt 0:00:17]} Rxd5 {[%emt 0:00:08]} 26. Bxd5 {[%emt 0:00:02]}
Rxd5 {[%emt 0:00:01]} 27. a6 {[%emt 0:00:03]} bxa6 {[%emt 0:00:08]} 28. Rxa6 {
[%emt 0:00:01]} h5 {[%emt 0:00:04]} 29. Rxf7 {[%emt 0:00:03]} Ne3 {[%emt 0:00:
07]} 30. Ra8+ {[%emt 0:00:03]} Kh7 {[%emt 0:00:01]} 31. Ra1 {[%emt 0:00:12]}
Kh8 {[%emt 0:00:09]} 32. Ra8+ {[%emt 0:00:10]} Kh7 {[%emt 0:00:01]} 33. h3 {
[%emt 0:00:28]} Nf5 {[%emt 0:00:26]} 34. g4 {[%emt 0:00:23]} hxg4 {[%emt 0:00:
02]} 35. hxg4 {[%emt 0:00:01]} Ng3+ {[%emt 0:00:14]} 36. Kg2 {[%emt 0:00:02]}
Ne4 {[%emt 0:00:01]} 37. Raa7 {[%emt 0:00:03]} Rb5 {[%emt 0:00:26]} 38. Rxg7+ {
[%emt 0:00:02]} Kh8 {[%emt 0:00:00]} 39. Rh7+ {[%emt 0:00:08]} Kg8 {[%emt 0:00:
12]} 40. Rag7# {[%emt 0:00:02]} 1-0

[Event "Villarobledo Online Qualifyer"]
[Site "playchess.com #155672"]
[Date "2009.05.23"]
[Round "10"]
[White "Senad_tesanj"]
[Black "Miras"]
[Result "0-1"]
[WhiteElo "1627"]
[BlackElo "1700"]
[PlyCount "56"]
[EventDate "2009.05.23"]
[EventType "swiss (blitz)"]

1. e4 {[%emt 0:00:02]} c5 {[%emt 0:00:02]} 2. Nf3 {[%emt 0:00:02]} Nc6 {[%emt
0:00:00]} 3. d4 {[%emt 0:00:03]} cxd4 {[%emt 0:00:00]} 4. Nxd4 {[%emt 0:00:01]}
Nf6 {[%emt 0:00:00]} 5. Nc3 {[%emt 0:00:03]} d6 {[%emt 0:00:01]} 6. Bb5 {[%emt
0:00:02]} Bd7 {[%emt 0:00:02]} 7. O-O {[%emt 0:00:04]} g6 {[%emt 0:00:02]} 8.
Be3 {[%emt 0:00:01]} Bg7 {[%emt 0:00:00]} 9. f4 {[%emt 0:00:03]} O-O {[%emt 0:
00:02]} 10. Bxc6 {[%emt 0:00:06]} bxc6 {[%emt 0:00:01]} 11. e5 {[%emt 0:00:04]}
dxe5 {[%emt 0:00:08]} 12. fxe5 {[%emt 0:00:01]} Nd5 {[%emt 0:00:00]} 13. Nxd5 {
[%emt 0:00:04]} cxd5 {[%emt 0:00:01]} 14. Bf4 {[%emt 0:00:06]} Qb6 {[%emt 0:00:
06]} 15. b3 {[%emt 0:00:15]} Rac8 {[%emt 0:00:11]} 16. Kh1 {[%emt 0:00:10]}
Rfd8 {[%emt 0:00:11]} 17. a4 {[%emt 0:00:03]} a6 {[%emt 0:00:35]} 18. Qd2 {
[%emt 0:00:04]} Qc5 {[%emt 0:00:33]} 19. Rae1 {[%emt 0:00:16]} Be8 {[%emt 0:00:
51]} 20. Bh6 {[%emt 0:00:27]} Bxh6 {[%emt 0:00:07]} 21. Qxh6 {[%emt 0:00:03]}
Qxd4 {[%emt 0:00:01]} 22. e6 {[%emt 0:00:02]} f5 {[%emt 0:00:14]} 23. h4 {
[%emt 0:00:18]} Rxc2 {[%emt 0:00:06]} 24. h5 {[%emt 0:00:05]} Qh4+ {[%emt 0:00:
06]} 25. Kg1 {[%emt 0:00:02]} Qg3 {[%emt 0:00:09]} 26. Qxh7+ {[%emt 0:01:07] .}
Kxh7 {[%emt 0:00:05]} 27. hxg6+ {[%emt 0:00:00]} Bxg6 {[%emt 0:00:03]} 28. Rf2
{[%emt 0:00:02]} Qxf2+ {[%emt 0:00:02] Senad_tesanj resigns} 0-1

[Event "Villarobledo Online Qualifyer"]
[Site "playchess.com #155672"]
[Date "2009.05.23"]
[Round "10"]
[White "stefanovitch"]
[Black "Kakaku"]
[Result "0-1"]
[WhiteElo "1677"]
[BlackElo "1840"]
[PlyCount "68"]
[EventDate "2009.05.23"]
[EventType "swiss (blitz)"]

1. f4 {[%emt 0:00:02]} c6 {[%emt 0:00:01]} 2. Nf3 {[%emt 0:00:01]} d5 {[%emt 0:
00:00]} 3. e3 {[%emt 0:00:01]} Bg4 {[%emt 0:00:01]} 4. Be2 {[%emt 0:00:01]} e6
{[%emt 0:00:01]} 5. O-O {[%emt 0:00:02]} Bc5 {[%emt 0:00:00]} 6. b3 {[%emt 0:
00:03]} Ne7 {[%emt 0:00:04]} 7. Bb2 {[%emt 0:00:01]} f6 {[%emt 0:00:01]} 8. h3
{[%emt 0:00:07]} Bh5 {[%emt 0:00:02]} 9. d4 {[%emt 0:00:02]} Bb6 {[%emt 0:00:
02]} 10. Nbd2 {[%emt 0:00:04]} Nd7 {[%emt 0:00:01]} 11. c4 {[%emt 0:00:01]} O-O
{[%emt 0:00:09]} 12. c5 {[%emt 0:00:03]} Bc7 {[%emt 0:00:01]} 13. g4 {[%emt 0:
00:04]} Bg6 {[%emt 0:00:02]} 14. Nh4 {[%emt 0:00:04]} Be4 {[%emt 0:00:16]} 15.
Bf3 {[%emt 0:00:04]} g5 {[%emt 0:00:05]} 16. Bxe4 {[%emt 0:00:13]} dxe4 {[%emt
0:00:14]} 17. fxg5 {[%emt 0:00:05]} fxg5 {[%emt 0:00:07]} 18. Ng2 {[%emt 0:00:
05]} Nf6 {[%emt 0:00:16]} 19. Qc2 {[%emt 0:00:18]} Qd5 {[%emt 0:00:02]} 20. Qc4
{[%emt 0:00:19]} Ng6 {[%emt 0:00:10]} 21. Rf2 {[%emt 0:00:16]} Bg3 {[%emt 0:00:
18]} 22. Rff1 {[%emt 0:00:01]} h5 {[%emt 0:00:06]} 23. Qxd5 {[%emt 0:00:12]}
exd5 {[%emt 0:00:03]} 24. Rf5 {[%emt 0:00:04]} Nh7 {[%emt 0:00:33]} 25. Raf1 {
[%emt 0:00:09]} hxg4 {[%emt 0:00:12]} 26. hxg4 {[%emt 0:00:04]} Ne7 {[%emt 0:
00:13]} 27. Rxf8+ {[%emt 0:00:38]} Rxf8 {[%emt 0:00:03]} 28. Ne1 {[%emt 0:00:
21]} Nf6 {[%emt 0:00:19]} 29. Kg2 {[%emt 0:00:11]} Bxe1 {[%emt 0:00:01]} 30.
Rxe1 {[%emt 0:00:01]} Nxg4 {[%emt 0:00:01]} 31. Bc1 {[%emt 0:00:04]} Nf2 {
[%emt 0:00:15]} 32. Rf1 {[%emt 0:00:06]} Nd3 {[%emt 0:00:06]} 33. Ba3 {[%emt 0:
00:11]} Nf5 {[%emt 0:00:05]} 34. b4 {[%emt 0:00:07]} Nxe3+ {[%emt 0:00:02]
Temps} 0-1

[Event "Villarobledo Online Qualifyer"]
[Site "playchess.com #155672"]
[Date "2009.05.23"]
[Round "10"]
[White "acepoint"]
[Black "Antlew3"]
[Result "1-0"]
[WhiteElo "1840"]
[BlackElo "1708"]
[PlyCount "143"]
[EventDate "2009.05.23"]
[EventType "swiss (blitz)"]

1. e4 {[%emt 0:00:01]} b6 {[%emt 0:00:02]} 2. d4 {[%emt 0:00:02]} Bb7 {[%emt 0:
00:02]} 3. Bd3 {[%emt 0:00:00]} e6 {[%emt 0:00:01]} 4. c3 {[%emt 0:00:01]} g6 {
[%emt 0:00:02]} 5. Nf3 {[%emt 0:00:04]} Bg7 {[%emt 0:00:01]} 6. Nbd2 {[%emt 0:
00:03]} Ne7 {[%emt 0:00:01]} 7. O-O {[%emt 0:00:01]} O-O {[%emt 0:00:02]} 8.
Re1 {[%emt 0:00:01]} f5 {[%emt 0:00:02]} 9. e5 {[%emt 0:00:02]} Nd5 {[%emt 0:
00:01]} 10. c4 {[%emt 0:00:04]} Nf4 {[%emt 0:00:01]} 11. Bf1 {[%emt 0:00:02]}
Na6 {[%emt 0:00:08]} 12. g3 {[%emt 0:00:04]} Nh5 {[%emt 0:00:04]} 13. Bg2 {
[%emt 0:00:02]} Bh6 {[%emt 0:00:01]} 14. Nf1 {[%emt 0:00:05]} Bxc1 {[%emt 0:00:
04]} 15. Rxc1 {[%emt 0:00:02]} Nb4 {[%emt 0:00:04]} 16. a3 {[%emt 0:00:06]} Nc6
{[%emt 0:00:02]} 17. d5 {[%emt 0:00:05]} exd5 {[%emt 0:00:04]} 18. cxd5 {[%emt
0:00:01]} Ne7 {[%emt 0:00:02]} 19. d6 {[%emt 0:00:11]} cxd6 {[%emt 0:00:05]}
20. Qxd6 {[%emt 0:00:04]} Nc6 {[%emt 0:00:16]} 21. Rcd1 {[%emt 0:00:07]} Rf7 {
[%emt 0:00:06]} 22. N1d2 {[%emt 0:00:11]} Rc8 {[%emt 0:00:06]} 23. Nb1 {[%emt
0:00:07]} Re7 {[%emt 0:00:04]} 24. Nc3 {[%emt 0:00:03]} Ng7 {[%emt 0:00:07]}
25. Ng5 {[%emt 0:00:10]} h6 {[%emt 0:00:09]} 26. Qd5+ {[%emt 0:00:03]} Ne6 {
[%emt 0:00:08]} 27. Nxe6 {[%emt 0:00:10]} dxe6 {[%emt 0:00:10]} 28. Qb3 {[%emt
0:00:08]} Qe8 {[%emt 0:00:07]} 29. Rd6 {[%emt 0:00:06]} Na5 {[%emt 0:00:04]}
30. Qd1 {[%emt 0:00:12]} Bxg2 {[%emt 0:00:03]} 31. Kxg2 {[%emt 0:00:01]} Nc4 {
[%emt 0:00:04]} 32. Rd4 {[%emt 0:00:12]} Qc6+ {[%emt 0:00:12]} 33. Kg1 {[%emt
0:00:03]} Nxb2 {[%emt 0:00:03]} 34. Rd8+ {[%emt 0:00:09]} Kf7 {[%emt 0:00:12]}
35. Rxc8 {[%emt 0:00:02]} Qxc8 {[%emt 0:00:05]} 36. Qb3 {[%emt 0:00:04]} Nc4 {
[%emt 0:00:04]} 37. Rc1 {[%emt 0:00:03]} Rc7 {[%emt 0:00:01]} 38. Nb5 {[%emt 0:
00:02]} Rc5 {[%emt 0:00:13]} 39. Rxc4 {[%emt 0:00:04]} Rxc4 {[%emt 0:00:03]}
40. Qxc4 {[%emt 0:00:02]} Qxc4 {[%emt 0:00:01]} 41. Nd6+ {[%emt 0:00:01]} Ke7 {
[%emt 0:00:03]} 42. Nxc4 {[%emt 0:00:01]} Kd7 {[%emt 0:00:01]} 43. Kf1 {[%emt
0:00:02]} Kc6 {[%emt 0:00:01]} 44. Ke2 {[%emt 0:00:01]} Kd5 {[%emt 0:00:01]}
45. Kd3 {[%emt 0:00:06]} b5 {[%emt 0:00:04]} 46. Nd6 {[%emt 0:00:02]} a6 {
[%emt 0:00:02]} 47. f4 {[%emt 0:00:02]} a5 {[%emt 0:00:03]} 48. Nxb5 {[%emt 0:
00:04]} Kc5 {[%emt 0:00:01]} 49. Nd6 {[%emt 0:00:02]} g5 {[%emt 0:00:02]} 50.
Nf7 {[%emt 0:00:03]} gxf4 {[%emt 0:00:01]} 51. gxf4 {[%emt 0:00:02]} h5 {[%emt
0:00:01]} 52. Ng5 {[%emt 0:00:03]} Kb5 {[%emt 0:00:02]} 53. Nxe6 {[%emt 0:00:
03]} Ka4 {[%emt 0:00:00]} 54. Nc5+ {[%emt 0:00:04]} Kxa3 {[%emt 0:00:00]} 55.
e6 {[%emt 0:00:01]} a4 {[%emt 0:00:06]} 56. Nxa4 {[%emt 0:00:02]} Kxa4 {[%emt
0:00:01]} 57. e7 {[%emt 0:00:01]} Kb5 {[%emt 0:00:00]} 58. e8=Q+ {[%emt 0:00:
01]} Kc5 {[%emt 0:00:00]} 59. Qe5+ {[%emt 0:00:02]} Kc6 {[%emt 0:00:00]} 60.
Qxf5 {[%emt 0:00:01]} Kd6 {[%emt 0:00:00]} 61. Qxh5 {[%emt 0:00:01]} Ke6 {
[%emt 0:00:00]} 62. Qe5+ {[%emt 0:00:02]} Kf7 {[%emt 0:00:01]} 63. Ke4 {[%emt
0:00:03]} Kg6 {[%emt 0:00:00]} 64. Qg5+ {[%emt 0:00:04]} Kf7 {[%emt 0:00:00]}
65. h4 {[%emt 0:00:04]} Ke6 {[%emt 0:00:01]} 66. h5 {[%emt 0:00:01]} Kf7 {
[%emt 0:00:00]} 67. Qg6+ {[%emt 0:00:01]} Ke7 {[%emt 0:00:01]} 68. h6 {[%emt 0:
00:05]} Kf8 {[%emt 0:00:02]} 69. h7 {[%emt 0:00:03]} Ke7 {[%emt 0:00:00]} 70.
h8=Q {[%emt 0:00:02]} Kd7 {[%emt 0:00:02]} 71. Qhh7+ {[%emt 0:00:02]} Kd8 {
[%emt 0:00:03]} 72. Qgg8# {[%emt 0:00:01]} 1-0